000
003270000a22001450004500
003
MACL
040
_a
MACL
090
_c
33748
_d
33746
100
_a
Davis, Guy Hart
245
_a
MP3 I did't Know you could do that
260
_b
BPB Publications
_c
1999
350
_a
150
650
_a
Computer Science
942
_c
BOOK
_k
004/DAV
999
_c
33396
_d
33396